The career navigation handbook / (Record no. 283293)
[ view plain ]
| 000 -LEADER | |
|---|---|
| fixed length control field | 00623nam a2200181Ia 4500 |
| 008 - FIXED-LENGTH DATA ELEMENTS--GENERAL INFORMATION | |
| fixed length control field | 150223s9999 xx 000 0 und d |
| 020 ## - INTERNATIONAL STANDARD BOOK NUMBER | |
| International Standard Book Number | 0471648507 |
| 050 ## - LIBRARY OF CONGRESS CALL NUMBER | |
| Classification number | HF 5381 |
| Item number | .C26597 2004 |
| 100 ## - MAIN ENTRY--PERSONAL NAME | |
| Personal name | Hunt, Christopher. |
| 245 #4 - TITLE STATEMENT | |
| Title | The career navigation handbook / |
| Statement of responsibility, etc | Christopher Hunt. |
| 260 ## - PUBLICATION, DISTRIBUTION, ETC. (IMPRINT) | |
| Place of publication, distribution, etc | New Jersey : |
| Name of publisher, distributor, etc | John Wiley & Sons, Inc., |
| Date of publication, distribution, etc | 2004 |
| 300 ## - PHYSICAL DESCRIPTION | |
| Extent | 210 pages : |
| Dimensions | 23 cm. |
| 504 ## - BIBLIOGRAPHY, ETC. NOTE | |
| Bibliography, etc | Includes Index. |
| 650 ## - SUBJECT ADDED ENTRY--TOPICAL TERM | |
| Topical term or geographic name as entry element | Career development |
| General subdivision | handbooks, manuals |
| 650 ## - SUBJECT ADDED ENTRY--TOPICAL TERM | |
| Topical term or geographic name as entry element | Executives |
| General subdivision | Recruting - handbooks. |
| 650 ## - SUBJECT ADDED ENTRY--TOPICAL TERM | |
| Topical term or geographic name as entry element | Job hunting |
| Topical term following geographic name as entry element | Handbooks, manuals etc. |
| 650 ## - SUBJECT ADDED ENTRY--TOPICAL TERM | |
| Topical term or geographic name as entry element | Vocational guidance |
| Topical term following geographic name as entry element | hadnbooks, manuals. |
No items available.